Report of the first Inter-state Seminar of rural history educational Institute December 25-30,1957 (Record no. 1441246)

MARC details
000 -LEADER
fixed length control field 00577nam a2200169Ia 4500
005 - DATE AND TIME OF LATEST TRANSACTION
control field 20250923144622.0
008 - FIXED-LENGTH DATA ELEMENTS--GENERAL INFORMATION
fixed length control field 008 250917s9999 xx 000 0 eng d
037 ## - SOURCE OF ACQUISITION
Stock number Textual
040 ## - CATALOGING SOURCE
Original cataloging agency DSWL
Language of cataloging eng
Transcribing agency DSWL
041 ## - LANGUAGE CODE
Language code of text/sound track or separate title eng
Source of code eng
084 ## - COLON CLASSIFICATION NUMBER
Classification number T9Y131p2,N57, J8
Assigning agency DSWL
245 #0 - TITLE STATEMENT
Title Report of the first Inter-state Seminar of rural history educational Institute December 25-30,1957
260 ## - PUBLICATION, DISTRIBUTION, ETC.
Place of publication, distribution, etc. Agra
Name of publisher, distributor, etc. Balwant Vidyuth Rural Higher Intitute Bichpuri (Agra)
Date of publication, distribution, etc. 1957
300 ## - PHYSICAL DESCRIPTION
Extent xx,79p.
942 ## - ADDED ENTRY ELEMENTS (KOHA)
Koha item type Textual
Classification part T9Y131p2,N57, J8
Holdings
Withdrawn status Lost status Damaged status Not for loan Home library Current library Date acquired Source of acquisition Inventory number Total Checkouts Full call number Barcode Date last seen Price effective from Koha item type
        Department of Social Work Library Department of Social Work Library 2025-09-23 Atma Ram & Sons Delhi Y/2271/58, 26.09.58   T9Y131p2,N57, J8 SW0005681 2025-09-23 2025-09-23 Textual
Copyright @ Delhi University Library System